Bài tập kế toán ngân hàng
Sachs gồm 2 phần: Hệ thống các bài tập và trình bày hướng dẫn cách giải các bài tập ấy.
Bewaard in:
| Hoofdauteur: | |
|---|---|
| Formaat: | Boek |
| Taal: | Undetermined |
| Gepubliceerd in: |
Hà Nội
Tài chính
1998
|
| Onderwerpen: | |
| Tags: |
Voeg label toe
Geen labels, Wees de eerste die dit record labelt!
|
| Thư viện lưu trữ: | Trung tâm Học liệu Trường Đại học Cần Thơ |
|---|
| LEADER | 00727nam a2200217Ia 4500 | ||
|---|---|---|---|
| 001 | CTU_110374 | ||
| 008 | 210402s9999 xx 000 0 und d | ||
| 020 | |c 12000 | ||
| 082 | |a 657.76 | ||
| 082 | |b M510 | ||
| 100 | |a Nguyễn, Thị Mùi | ||
| 245 | 0 | |a Bài tập kế toán ngân hàng | |
| 245 | 0 | |c Nguyễn Thị Mùi ...[et al.] | |
| 260 | |a Hà Nội | ||
| 260 | |b Tài chính | ||
| 260 | |c 1998 | ||
| 520 | |a Sachs gồm 2 phần: Hệ thống các bài tập và trình bày hướng dẫn cách giải các bài tập ấy. | ||
| 650 | |a Banks and banking | ||
| 650 | |x Accounting | ||
| 904 | |i Tuyến | ||
| 980 | |a Trung tâm Học liệu Trường Đại học Cần Thơ | ||